Σχεδιασμός πόλεων και περιβαλλοντικές επιπτώσεις

Αποθηκεύτηκε σε:
Λεπτομέρειες βιβλιογραφικής εγγραφής
Συγγραφή απο Οργανισμό/Αρχή: Ελληνικό Ανοικτό Πανεπιστήμιο
Άλλοι συγγραφείς: Παπαγιάννης, Θύμιος
Μορφή: Βιβλίο
Γλώσσα:Greek
Δημοσίευση: Πάτρα : Ελληνικό Ανοικτό Πανεπιστήμιο, 1999
Θέματα:
Ετικέτες: Προσθήκη ετικέτας
Δεν υπάρχουν, Καταχωρήστε ετικέτα πρώτοι!

MARC

LEADER 00000cam a2200000 i 4500
001 1/42946
008 070330s1999 gre d
020 |a 960-538-070-6 (τ.Α) 
035 |l 10087482 
040 |a GR-MY-UA  |b gre  |e aacr 
041 0 |a gre 
082 0 |a 711  |2 (22) 
245 1 0 |a Σχεδιασμός πόλεων και περιβαλλοντικές επιπτώσεις /  |c Θ. Παπαγιάννης ...[και ά.] ; Ελληνικό Ανοικτό Πανεπιστήμιο 
260 |a Πάτρα :   |b Ελληνικό Ανοικτό Πανεπιστήμιο,   |c 1999 
300 |a 377 σ.;  |b εικ., πιν.;  |c 28 εκ.  
500 |a Σχολή Θετικών Επιστημών και Τεχνολογίας, Προγράμματα Σπουδών: Περιβαλλοντικός Σχεδιασμός Πόλεων και Κτιρίων; Περιβαλλοντικός Σχεδιασμός Έργων Υποδομής, Θεματική Ενότητα: Σχεδιασμός, Περιβαλλοντικές Επιπτώσεις και Μέθοδοι Εκτιμησής τους 
504 |a Περιέχει βιβλιογραφία 
650 0 0 |a City planning  |x Environmental aspects. 
650 0 0 |a Urban ecology. 
700 1 |a Παπαγιάννης, Θύμιος. 
710 2 |a Ελληνικό Ανοικτό Πανεπιστήμιο. 
774 1 |t Σχεδιασμός, περιβαλλοντικές επιπτώσεις και μέθοδοι εκτιμησής τους 
852 |a INST  |b LESVOS  |e 20070330  |h 711 ΣΧΕ  |p 005100037026  |q 005100037026  |t BK  |y 0  |z τ.Α 
852 |a INST  |b LESVOS  |e 20070330  |h 711 ΣΧΕ  |p 005100037026  |q 005100037026  |t BK  |v τ.Α:  |y 0  |z τ.Α 
853 |a INST  |b LESVOS  |h 711 ΣΧΕ 
901 |a BIBL1-2007-1 
909 |a Λ  |b 132048 
970 |a ΧΑΤΖΗΜΙΧΑΗΛ  |b ΜΑΡΙΑ  |z 2007/03/30